[Event "Masdenverge op 6th"]
[Site "Masdenverge"]
[Date "2017.07.01"]
[Round "4"]
[White "Romeu de la Cruz, Josep"]
[Black "Molano Lafuente, Ismael"]
[Result "1/2-1/2"]
[WhiteElo "1772"]
[BlackElo "2005"]
[PlyCount "119"]
[EventDate "2017.06.30"]
[EventType "swiss"]
[EventRounds "7"]
[EventCountry "ESP"]
[SourceTitle "EXT 2019"]
[Source "ChessBase"]
[SourceDate "2018.10.10"]
[SourceVersion "1"]
[SourceVersionDate "2018.10.10"]
[SourceQuality "1"]

1. e4 c5 2. g3 b6 3. Bg2 Bb7 4. Ne2 h5 5. d3 h4 6. f4 e6 7. Nbc3 Nf6 8. h3 hxg3 9. Nxg3 d5 10. e5 Nfd7 11. Qe2 Nc6 12. Nb5 Qh4 13. Qg4 Qxg4 14. hxg4 Rxh1+ 15. Bxh1 0-0-0 16. c3 a6 17. Na3 Be7 18. Bd2 Rh8 19. 0-0-0 Rh3 20. Rg1 b5 21. Nc2 g5 22. d4 gxf4 23. Bxf4 b4 24. Kd2 bxc3+ 25. bxc3 Nb6 26. Bg2 Rh4 27. Bf3 Nc4+ 28. Ke2 Rh8 29. Rh1 Rxh1 30. Bxh1 a5 31. g5 Ba6 32. Kf2 Bb5 33. Ne2 Nb2 34. Bf3 Kd7 35. Kg3 Bd3 36. Ne1 Bg6 37. dxc5 Bxc5 38. Bg4 Nc4 39. Nf3 Bb1 40. Nc1 Be4 41. Nb3 Bb6 42. Nbd2 Bd3 43. Bh5 Ke7 44. Nxc4 Bxc4 45. a3 Bd3 46. Bc1 Bc7 47. a4 Bc2 48. Ba3+ Ke8 49. Bd6 Bxd6 50. exd6 Bxa4 51. Kf4 Bc2 52. Ne5 Nxe5 53. Kxe5 Bg6 54. Bd1 Kd7 55. Ba4+ Kd8 56. Kf6 Bh5 57. Bc2 Kd7 58. Ke5 Bg4 59. Ba4+ Kd8 60. Kf6 1/2-1/2

[Event "Tarragona Province-ch"]
[Site "Tarragona"]
[Date "2015.11.29"]
[Round "9"]
[White "Gallimo Llao, Enric"]
[Black "Romeu de la Cruz, Josep"]
[Result "1/2-1/2"]
[WhiteElo "2055"]
[BlackElo "1968"]
[PlyCount "36"]
[EventDate "2015.09.27"]
[EventType "swiss"]
[EventRounds "9"]
[EventCountry "ESP"]
[SourceTitle "EXT 2017"]
[Source "ChessBase"]
[SourceDate "2016.10.25"]
[SourceVersion "1"]
[SourceVersionDate "2016.10.25"]
[SourceQuality "1"]

1. e4 d5 2. exd5 Qxd5 3. Nc3 Qa5 4. d4 c6 5. Bc4 Nf6 6. h3 Bf5 7. Nf3 e6 8. a3 Nbd7 9. b4 Qc7 10. Nh4 Nb6 11. Bb3 Bg6 12. Nxg6 hxg6 13. Qf3 Be7 14. 0-0 Nbd5 15. Ne4 Nxe4 16. Qxe4 Rh5 17. Qd3 Bf6 18. Be3 Ne7 1/2-1/2